DO YOU KNOW NATIONALITY OF THESE CELEBS? - Statistics

General Stats
  • This quiz has been taken 136 times
  • The average score is 7 of 15
Answer Stats
Question Answer % Correct
Tom Cruise - ACTOR USA
97%
Jim Carey - ACTOR Canada
70%
Jackie Chan - ACTOR/MARTIAL ARTIST Hong Kong
64%
Gal Gadot - ACTRESS Israel
64%
Akira Kurosawa - DIRECTOR Japan
64%
Heath Ledger - ACTOR Australia
58%
Omar Sharif - ACTOR Egypt
48%
Christoph Waltz - ACTOR Germany
39%
Russell Crowe - ACTOR New Zealand
39%
André the Giant - WRESTLER France
36%
Antonio Banderas - ACTOR Spain
36%
Djimon Hounsou - ACTOR Benin
33%
Harry Houdini - MAGICIAN/ILLUSIONIST Hungary
30%
Bruce Lee - ACTOR USA
15%
Terence Hill and Bud Spencer - ACTORS Italy
3%
No matching quizzes found
Score Distribution
Percent of People with Each Score
Percentile by Number Answered
Your Score History
You have not taken this quiz